Văn hóa dòng tộc, một vấn đề còn để ngỏ /

Spremljeno u:
Bibliografski detalji
Glavni autor: Trần Ngọc Vương
Format: Članak
Jezik:Vietnamese
Teme:
Oznake: Dodaj oznaku
Bez oznaka, Budi prvi tko označuje ovaj zapis!
Thư viện lưu trữ: Thư viện Trường Đại học Đà Lạt
LEADER 00827nam a2200301 4500
001 DLU060052716
040 # # |a DLU  |b vie 
041 # # |a vie 
044 # # |a vn 
100 # # |a Trần Ngọc Vương 
245 # # |a Văn hóa dòng tộc, một vấn đề còn để ngỏ /  |c Trần Ngọc Vương 
653 # # |a Dòng tộc 
653 # # |a Huyết tộc 
653 # # |a Huyết thống 
653 # # |a Nho giáo 
653 # # |a Văn hóa dòng tộc 
773 # # |t Văn hóa nghệ thuật  |g Số 4, 2006, tr.14-18 
920 # # |a Phòng Tạp chí -- Trung tâm Thông tin - Thư viện Trường Đại học Đà Lạt 
933 # # |a CT 
994 # # |a DLU 
900 # # |a True 
911 # # |a Nguyễn Thị Minh Cầm 
925 # # |a G 
926 # # |a A 
927 # # |a BB 
980 # # |a Thư viện Trường Đại học Đà Lạt